Vergogna. (Record n. 359987)
[ formato base ]
| 000 -LEADER | |
|---|---|
| campo di controllo lung. fissa | 01191nam a22001937a 4500 |
| 003 - Identificatore del numero di controllo | |
| campo di controllo | IT-MiCISF |
| 005 - Data e orario dell'ultima transazione | |
| campo di controllo | 20240123122712.0 |
| 008 - Elementi di lunghezza fissa--Informazione generale | |
| campo di controllo lung. fissa | 240123b |||||||| |||| 00| 0 eng d |
| 040 ## - Fonte della catalogazione | |
| Agenzia che fa la trascrizione | IT-MiCISF |
| 100 ## - Accesso principale -- nome di persona | |
| Nome di persona | Bourke Joanna |
| 9 (RLIN) | 60454 |
| 245 ## - Formulazione del titolo | |
| Titolo | Vergogna. |
| Complemento del titolo | Considerazioni globali sulla violenza sessuale |
| 260 ## - Pubblicazione, distribuzione, ecc. (stampa) | |
| Luogo di pubblicazione, distribuzione, ecc. | Roma, |
| Nome dell'editore, distributore, ecc. | Carocci, |
| Data di pubblicazione, distribuzione, ecc. | 2023 |
| 300 ## - Descrizione fisica | |
| Estensione | pp. 319 |
| 500 ## - Nota generale | |
| Nota generale | abuso-sessuale, stupro, società, abuso-coniugale, differenza-sessuale, esperienze |
| 520 ## - Riassunto, ecc. | |
| Nota di riassunto, ecc. | Quella di Joanna Bourke è la prima vera analisi globale sulla violenza sessuale, nel tempo e nello spazio; un’analisi che è anche un invito all’azione per eliminare questo flagello dalle nostre società. Tale obiettivo, però, non potrà essere raggiunto senza tenere conto della complessità del fenomeno, nella consapevolezza che la primaria attenzione alle vittime non può prescindere dai diversi contesti culturali, con uno sguardo rivolto non solo alla discriminazione sessuale e ai pregiudizi razziali, ma anche agli effetti combinati di sesso, genere, etnia, classe, casta, religione, generazione, disabilità |
| 650 ## - Accesso aggiunto di soggetto--termine topico | |
| Termine topico o nome geografico come accesso | Maltrattamenti / violenza |
| 654 ## - Accesso aggiunto di soggetto--termini topici faccettati | |
| Termine principale | studio |
| 942 ## - Dati aggiuntivi (Koha) | |
| Fonte della classificazione o dello schema di collocazione (segnatura) | Dewey Decimal Classification |
| Tipo copia default (Koha) | LIBRO |
| Ritirato (status) | Perso (status) | Fonte della classificazione o dello schema di collocazione (segnatura) | Danneggiato (status) | Non per il presito | Biblioteca proprietaria | Biblioteca in cui si trova | Data d'acquisizione | Totale prestiti | Collocazione | Codice a barre | Data ultima operazione | Prezzo in vigore dal | Tipo copia default (Koha) |
|---|---|---|---|---|---|---|---|---|---|---|---|---|---|
| Dewey Decimal Classification | Buone Condizioni | Not For Loan | CISF - Milano | CISF - Milano | 23/01/2024 | B7805 | 9788829018260 | 23/01/2024 | 23/01/2024 | LIBRO |